000 00447cam a2200145 4500500
005 20260405001054.0
041 _afre
042 _adc
100 1 0 _aMichaud, Yves
_eauthor
245 0 0 _aMécènes à contre-pied
260 _c2011.
500 _a36
786 0 _nPhilosophie magazine | 47 | 3 | 2011-03-01 | p. 2-2 | 1951-1787
856 4 1 _uhttps://shs.cairn.info/magazine-philosophie-magazine-2011-3-page-2?lang=fr&redirect-ssocas=7080
999 _c2043806
_d2043806